LDR 00968naa#a2200217#i#450# 001 EN\\bibl\123255 005 20260603080149.3 011 ## _a2782-5957 100 ## _a20260529b2026####ek#y0engy0150####ca 102 ## _aRU 200 1# _aFORMATION OF APPROACHES TO PREDICTIVE ANALYSIS OF AUTOMOBILE FLEET MAINTENANCE BASED ON THE CHOICE OF MODELS AND ALGORITHMS _eJournal article 210 1# _aBryansk _cBryansk State Technical University _d2026 215 ## _a10 с. 608 ## _aJournal article _2local 675 ## _aИсследование поведения объекта на основе его математической модели. 004.942 _a(Автомобили. Автомобилестроение). 629.113 _z 686 ## _aАвтодорожный транспорт. 393 _2bbk 700 #1 _aZayats _gYuriy Aleksandrovich 700 #1 _aZagorodnii _gNikolay Aleksandrovich 700 #1 _aSemykina _gAlla Sergeevna 700 #1 _aPestov _gAleksandr Andreevich 856 4# _anaukaru.ru _u